| 000 | 01963cam a2200289 a 4500 | ||
|---|---|---|---|
| 003 | OSt | ||
| 005 | 20201002083625.0 | ||
| 008 | 071029s2007 ck ad r0 100 0 spa d | ||
| 015 | _aNNN | ||
| 020 | _aX | ||
| 040 |
_aCO-BoPUJ _cCO-JMCR |
||
| 041 | 0 | _aspa | |
| 082 | 0 | 4 |
_a330 / _bA287m _223 |
| 111 | 2 |
_aForo internacional _d(2006 ago.29 : _cBogotá) _911119 |
|
| 245 | 1 | 0 |
_aMovimientos sociales, biodiversidad y libre comercio en la Amazonía : _bmemorias / _ceditora Consuelo Ahumada Beltrán ; Observatorio Andino |
| 250 | _aPrimera edición | ||
| 260 |
_aBogotá : _bObservatorio andino : _bJavegraf, _c2007. |
||
| 300 |
_a175 páginas : _bilustraciones, cuadros y diagramas ; _c24 cm. |
||
| 504 | _aIncluye referencias bibliográficas. | ||
| 505 | 0 |
_tLa biodiversidad en el TLC: el saqueo a la naturaleza. / _rEfrén Calapucha. -- _tAmazonia: Biodiversidad, Biotecnología y patentes en el marco de los Tratados de Libre Comercio. / _rAlejandro Chaparro, _rDiana Carvajal. -- _tMovimientos sociales, societales y milenaristas en la Amazonia Boliviana. / _rLuis Tapia. -- _tCaracterización de los conflictos sociopolíticos actuales en la Amazonia Brasileña. / _rNesdy Espitia. -- _tEl TLC con los Estados Unidos: derechos de los inversionistas y acceso a los medicamentos. / _rConsuelo Ahumada. -- _tPropiedad intelectual y biodiversidad en el TLC con EE.UU. / _rJavier Gamboa. -- _tTLC y biodiversidad. / _rArturo Cancino, _rMiguel Ángel Pardo. -- _tBiodiversidad, bioprospección y acceso a recursos. / _rAna María Frieri. |
|
| 650 | 2 | 4 |
_aDiversidad biológica _zAmazonas (Valle) _vCongresos _911120 |
| 650 | 2 | 4 |
_aMovimientos sociales _zAmazonas (Valle) _vCongresos _911121 |
| 650 | 2 | 4 |
_aLibre comercio _zAmazonas (Valle) _vCongresos _911122 |
| 700 | 1 |
_aAhumada Beltrán, María Consuelo, _eeditora _911123 |
|
| 942 |
_2ddc _cBK |
||
| 999 |
_c6895 _d6895 |
||